Perancangan tenaga manusia secara praktis / (Record no. 3300)
[ view plain ]
| 000 -LEADER | |
|---|---|
| fixed length control field | nam a22 a 4500 |
| 003 - CONTROL NUMBER IDENTIFIER | |
| control field | AKMAL |
| 005 - DATE AND TIME OF LATEST TRANSACTION | |
| control field | 20170522111216.0 |
| 008 - FIXED-LENGTH DATA ELEMENTS--GENERAL INFORMATION | |
| fixed length control field | 170521s1995 my a00 may d |
| 020 ## - INTERNATIONAL STANDARD BOOK NUMBER | |
| International Standard Book Number | 9836244271 (kkt.): |
| Terms of availability | RM 20.00 |
| 082 04 - DEWEY DECIMAL CLASSIFICATION NUMBER | |
| Classification number | 658.301 BRA |
| 090 ## - LOCALLY ASSIGNED LC-TYPE CALL NUMBER (OCLC); LOCAL CALL NUMBER (RLIN) | |
| Classification number (OCLC) (R) ; Classification number, CALL (RLIN) (NR) | 658.301 |
| Local cutter number (OCLC) ; Book number/undivided call number, CALL (RLIN) | BRA |
| 100 1# - MAIN ENTRY--PERSONAL NAME | |
| Personal name | Bramham, |
| Dates associated with a name | John |
| 9 (RLIN) | 6710 |
| 245 10 - TITLE STATEMENT | |
| Title | Perancangan tenaga manusia secara praktis / |
| Statement of responsibility, etc. | John Bramham ; penterjemah Sumali Amat |
| 260 ## - PUBLICATION, DISTRIBUTION, ETC. | |
| Place of publication, distribution, etc. | Kuala Lumpur : |
| Name of publisher, distributor, etc. | Dewan Bahasa dan Pustaka, |
| Date of publication, distribution, etc. | 1995 |
| 300 ## - PHYSICAL DESCRIPTION | |
| Extent | xvi, 265ms. : |
| Other physical details | il. ; |
| Dimensions | 19cm |
| 500 ## - GENERAL NOTE | |
| General note | Mengandungi indeks |
| 500 ## - GENERAL NOTE | |
| General note | Terjemahan dari: Practical manpower planning. - 4th edi.: Wimbledon, London , Institute of personnel management, 1988. |
| 504 ## - BIBLIOGRAPHY, ETC. NOTE | |
| Bibliography, etc. note | Bibliografi: ms. 255-261 |
| 650 ## - SUBJECT ADDED ENTRY--TOPICAL TERM | |
| Topical term or geographic name entry element | Personnel management |
| Geographic subdivision | Great Britain |
| 9 (RLIN) | 6335 |
| 650 ## - SUBJECT ADDED ENTRY--TOPICAL TERM | |
| Topical term or geographic name entry element | Manpower policy |
| Geographic subdivision | Great Britain |
| 9 (RLIN) | 6711 |
| 700 ## - ADDED ENTRY--PERSONAL NAME | |
| Personal name | Sumali Amat |
| 9 (RLIN) | 6712 |
| 942 ## - ADDED ENTRY ELEMENTS (KOHA) | |
| Source of classification or shelving scheme | |
| Koha item type | Book |
| Withdrawn status | Lost status | Source of classification or shelving scheme | Damaged status | Not for loan | Collection code | Home library | Current library | Shelving location | Date acquired | Inventory number | Total Checkouts | Full call number | Barcode | Date last seen | Price effective from | Koha item type |
|---|---|---|---|---|---|---|---|---|---|---|---|---|---|---|---|---|
| NON-FICTION | AKMAL Melaka | AKMAL Melaka | PINJAMAN | 22.05.2017 | 601495 | 658.301 BRA | 201703940 | 22.05.2017 | 22.05.2017 | Book |
